000 00980nam a2200229Ii 4500
003 JO-AjNU
008 230605s9999||||xx |||||||||||||| ||und||
017 _a2019/7/3685
020 _a978-9923-28-024-9
040 _aJO-AjNU
_bara
_erda
_cJO-AjNU
041 _aara
050 1 4 _aLB2806.4.J36 2020
100 3 _aالجباني، فرمان قحط رحيمة، م.مشارك رعد خلف عطية الجنابي,
_eauthor
_959944
245 0 0 _aالاشراف التربوي: الاختصاص الاداري بين الواقع والمأمول
250 _aالطبعة الاولى
264 3 1 _aعمان: دار صفاء للنشر والتوزيع، 2020
300 _a346ص
_b ويحتوي على قائمة مراجع من ص333-ص346
336 _atext
_btxt
_2rdacontent
337 _aunmediated
_bn
_2rdamedia
338 _avolume
_bnc
_2rdacarrier
650 4 _aالاشراف التربوي-البرامج التربوية-الادارة التربوية
_959945
999 _aA27001
_c30569
_d30569